Theory of Linear and Integer Pragramming

Guardado en:
Detalles Bibliográficos
Autor principal: Schijver, Alexander
Formato: Libro
Lenguaje:inglés
Publicado: Chichester Wiley 1986
Edición:1. ed.
Etiquetas: Agregar Etiqueta
Sin Etiquetas, Sea el primero en etiquetar este registro!

MARC

LEADER 00000nam a2200000 4500
001 c033998
005 20221220073057.4
041 0 |a eng 
044 |a US 
245 1 0 |a Theory of Linear and Integer Pragramming  |c Alexander Schijver 
250 |a 1. ed. 
264 1 |a Chichester  |b Wiley  |c 1986 
300 |a 471 s. 
100 1 |a Schijver, Alexander